000 01048nam a2200277 a 4500
001 25146
003 CO-ViMGA
005 20230915232044.0
008 141112s2004 ck r 000 u spa d
020 _a9789681866259
040 _aCO-ViMGA
_bspa
_cCO-ViMGA
041 _aspa eng
082 0 4 _a150 H83p
100 1 _aHuffman, Karen.
_938310
245 1 0 _aPsicología en acción /
_cKaren Huffman, Palomar College ; traducción José Luis Núñez Herrejón ; revisión técnica Erika Gutiérrez Martínez.
260 _aMéxico :
_bLimusa Wiley,
_c2008.
300 _axxvii, 611, 7, 66, p. en varias paginaciones : il. ; 28 cm.
500 _aGlosario : p. G1 - G10.
504 _aIncluye bibliografía e índice.
650 1 4 _aPsicología.
700 1 _aGutierrez, Erika, colab.
_938311
700 1 _aNúñez Herrejón, José Luis, tr.
_938312
942 _2ddc
_cBK
999 _c32774
_d32774